00710cam a22002174a 4500003000400000005001700004008004100021010001700062020001800079020003500097050002700132100002400159245007200183250001200255260004600267300005100313650002700364650001300391650004900404650003900453OSt20140310182432.0081031s2010 moua b 001 0 eng  a 2008048109 a9789812725943 a0323056202 (pbk. : alk. paper)00aRM 301.28 b.Ed24 20101 aEdmunds, Marilyn W.10aIntroduction to clinical pharmacology /cMarilyn Winterton Edmunds. a6th ed. aSt. Louis, Mo. :bMosby/Elsevier,cc2010. axxii, 469 p. :bill. (chiefly col.) ;c28 cm.  0aClinical pharmacology. 0aNursing.12aPharmacology, ClinicalvNurses' Instruction.22aDrug TherapyvNurses' Instruction.